MARC

LEADER 00000nam0a2200000 4500
001 331833
005 20231102004409.0
035 |a (RuTPU)RU\TPU\book\357693 
090 |a 331833 
100 |a 20170504d1981 m y0rusy50 ca 
101 0 |a rus 
102 |a RU 
105 |a a z 000ab 
200 1 |a Голубая звезда  |e повесть  |f Л. Л. Ермолинский 
210 |a Иркутск  |c Восточно-Сибирское кн. изд-во  |d 1981 
215 |a 189 с.  |c ил. 
600 1 |a Лунин  |g Михаил Сергеевич  |b М. С.  |c российский политический мыслитель  |f 1787/1788-1845  |c декабрист  |c подполковник лейб-гвардии Гродненского гусарского полка  |2 stltpush  |3 (RuTPU)RU\TPU\pers\278 
606 1 |a Русская литература современная  |2 stltpush  |3 (RuTPU)RU\TPU\subj\26373  |9 50316 
610 1 |a художественная литература 
610 1 |a повести 
610 1 |a декабристы 
610 1 |a дуэли 
675 |a Р2  |v 4 
700 1 |a Ермолинский  |b Л. Л.  |g Леонид Леонтьевич  |4 070 
801 1 |a RU  |b 63413507  |c 20170504 
801 2 |a RU  |b 63413507  |c 20201221  |g RCR 
942 |c BK